| 000 | 00665nam a2200217Ia 4500 | ||
|---|---|---|---|
| 008 | 131103s9999 xx 000 0 und d | ||
| 020 | _cRs.60 | ||
| 040 | _aLoreto College | ||
| 041 | _aEnglish | ||
| 082 |
_a891.431/SUR _b#NAME? |
||
| 245 |
_aSursagar Satik (Vol. 2) _cEdited and translated by Hardev Bahri and Rajendra Kumar |
||
| 260 |
_aAllahabad _bLok Bharati Prakasan _c1974 |
||
| 300 |
_a2 V. _c 24 cm. |
||
| 504 | _aIncludes bibliography | ||
| 630 | _aSurdas-Criticism and interpretation | ||
| 650 | _aSurdas | ||
| 651 | _aHindi Poetry-Criticism and interpretation | ||
| 700 | _aBahri,Hardev;ed. | ||
| 850 | _aLCLIB/891.431/SUR-BAH | ||
| 942 | _cBK | ||
| 999 |
_c18265 _d68744 |
||